Bienvenue à la Médiathèque de Saint-Andiol
banniere
Accueil Recherche avancée Mon compte
handi1 Rechercher dans le catalogue

Filtre   Mots-clés
  Recherche avancée
 
Lister les dernières nouveautés
 
Lister les livres GROS CARACTERES
 
Lister les périodiques (magazines)

handi1 Trois frères

Book Cover
Auteur principal : Pierre Hoffmann
Titre : Trois frères
Support : Livres
Langue : Francais
Publié : DL 2020 La Loupe Paris
Genre : Roman
Collection : Terroir
Sujets :
Étiquettes :
Pas de tags
LEADER 01236nam0a2200217 450
001 16867895
010 |a 978-2-84868-938-8  |b br.  |d 22,6 € 
100 |a 20260320d2026 u u0frey01 ba 
101 0 |a fre 
102 |a FR 
200 0 |a Trois frères  |f Pierre Hoffmann 
205 |a [Ed.] en gros caractères 
207 1 |a   
210 |a Paris  |c La Loupe  |d DL 2020 
215 |a 1 vol. (395 p.)  |d 22 cm 
225 1 |a Terroir 
330 |a Dans ce village des Bauges, après la première guerre mondiale, la famille Besson compte deux fils. Maurice qui a 12 ans ne rêve que de reprendre la ferme ; son père peut dormir tranquille, les terres resteront dans la famille. Le cadet, Jean, est fasciné par le travail du bois que lui montre son oncle Victor, un homme écorché vif par la vie. Mais la mère est enceinte de nouveau et ce sera un troisième gars à la maison, Antoine. Antoine qui partira faire des études en ville, un intellectuel. Est-il possible de rester unis, devant les vicissitudes de la vie, pour trois frères aux destins si différents ? 
700 0 |a Hoffmann  |b Pierre  |f 1946-....  |4 70 
900 |a Roman 
901 |a Adultes 
995 |a Médiathèque  |c Médiathèque  |f 089021793  |h 089021793  |k R HOF LV  |o p  |q a  |r az  |e Médiathèque